Quasiconformal mappings and Sobolev spaces /

Guardado en:
Autor Principal: Gol'dshtein, V. M.
Otros Autores: Reshetniak, IUrii Grigorevich.
Formato: Libro
Idioma:English
Russian
Publicado: Dordrecht : Kluwer Academic Publishers, c1990.
Series:Mathematics and its applications (Kluwer Academic Publishers). Soviet series ; 54.
Materias:
Etiquetas: Agregar Etiqueta
Sin Etiquetas, Sea el primero en etiquetar este registro!
LEADER 01269cam a2200289 a 4500
001 MAT.inmabb003521
008 891219s1990####ne#######b####001#0#eng##
005 20130305120951.0
245 1 0 |a Quasiconformal mappings and Sobolev spaces /  |c by V. M. Gol'dshtein and Yu. G. Reshetnyak. 
260 |a Dordrecht :  |b Kluwer Academic Publishers,  |c c1990. 
300 |a xix, 371 p. ;  |c 25 cm. 
490 1 |a Mathematics and its applications. Soviet series ;  |v v. 54 
500 |a Traducción revisada de: Vvedenie v teoriiu funktsii s obobshchennymi proizvodnymi i kvazikonformnye otobrazheniia. Moscow : Nauka, c1983. 
504 |a Incluye referencias bibliográficas (p. 362-368). 
510 4 |a MR,  |c 92h:46040 
020 |a 0792305434 
100 1 |a Gol'dshtein, V. M.  |q (Vladimir Mikhailovich) 
240 1 0 |a Vvedenie v teoriiu funktsii s obobshchennymi proizvodnymi i kvazikonformnye otobrazheniia.  |l Inglés 
700 1 |a Reshetniak, IUrii Grigorevich. 
830 0 |a Mathematics and its applications (Kluwer Academic Publishers).  |p Soviet series ;  |v 54. 
650 0 |a Quasiconformal mappings. 
650 0 |a Functions. 
084 |a 46E35 (30C65 31-02)  |2 msc2000 
010 |a  89071684  
040 |a DLC  |c DLC  |d DLC 
041 1 |a eng  |h rus 
859 |h 46  |i G618  |p A-6344  |b BIB. MATEMATICA